La república mejor / (Record no. 178882)

MARC details
000 -LEADER
campo de control de longitud fija 00754nam a2200205 4500
001 - NÚMERO DE CONTROL
campo de control 178882
003 - IDENTIFICADOR DE NÚMERO DE CONTROL
campo de control ES-MaACL
005 - FECHA Y HORA DE LA ÚLTIMA TRANSACCIÓN
campo de control 20250907063132.0
008 - DATOS DE LONGITUD FIJA--INFORMACIÓN GENERAL
campo de control de longitud fija 110727s2009 sp |||| |dspa d
020 ## - NÚMERO INTERNACIONAL ESTÁNDAR DEL LIBRO
Número Internacional Estándar del Libro 978-84-612-9147-2
080 ## - NÚMERO DE LA CLASIFICACIÓN DECIMAL UNIVERSAL
Número de la Clasificación Decimal Universal 821.134.2-31"19"
100 1# - ENTRADA PRINCIPAL--NOMBRE DE PERSONA
Nombre de persona López, Pablo,
Fechas asociadas al nombre 1957-
9 (RLIN) 147435
245 13 - MENCIÓN DEL TÍTULO
Título La república mejor /
Mención de responsabilidad, etc. Pablo López.
260 ## - PUBLICACIÓN, DISTRIBUCIÓN, ETC.
Lugar de publicación, distribución, etc. [Madrid] :
Nombre del editor, distribuidor, etc. P. López,
Fecha de publicación, distribución, etc. 2009 (
Lugar de fabricación/manufactura Tres Cantos, Madrid :
Fabricante Grafisus)
300 ## - DESCRIPCIÓN FÍSICA
Extensión 382 p. ;
Dimensiones 24 cm.
852 ## - LOCALIZACIÓN
Ubicación ES-MaACL
Número de control de estantería A-11379
Nota libre Dedicatoria autógrafa del autor
itemnumber 185748
Sublocalización o colección R.145860
Ubicación en estantería Depósito 1
Signatura antigua Olim: N-4383
Encuadernación Donación: Pablo López Gómez
903 ## - NOMBRE PERSONAL DE DONANTE
a López, Pablo,
d 1957-
e Donante
9 147435
942 ## - ELEMENTOS DE ENTRADA SECUNDARIOS (KOHA)
Fuente del sistema de clasificación o colocación Clasificación decimal universal
Tipo de ítem Koha Libro impreso
Holdings
Estatus retirado Estado de pérdida Fuente del sistema de clasificación o colocación Estado de daño No para préstamo Colección Biblioteca de origen Biblioteca actual Ubicación en estantería Fecha de adquisición Fuente de adquisición Total de préstamos Signatura topográfica completa Código de barras Visto por última vez Precio de reemplazo Tipo de ítem Koha Nota pública
    Clasificación decimal universal     Libros con dedicatorias Biblioteca del Ateneo de Madrid Biblioteca del Ateneo de Madrid Depósito 1 27/07/2011 Donación   A-11379 1187903 23/02/2023 23/02/2023 Libro impreso Dedicatoria autografa del autor